000 00523cam a22002171 4500
001 sa 64007178
003 DLC
005 20260227112044.0
008 890227s1962 xx 000 0 urd
010 _asa 64007178
035 _a(OCoLC)23573126
040 _aDLC
_cMiU
_dDLC
042 _apremarc
050 0 0 _aPK2168
_b.S3
100 1 _aAḥmad, Salīm,
_d1927-1983.
245 1 0 _aNaʼī naẓm aur pūrā ādmī.
260 _c[1962]
300 _a127 p.
_c22 cm.
500 _aIn Urdu.
650 0 _aUrdu poetry.
999 _c60085
_d60085